000 00440nam a2200157Ia 4500
008 210716s1992 xx 000 0 und d
020 _a9788186340080
041 _aeng
082 _a004.22 RAFM
100 _aRafiquzzaman, Mohamed;Chandra, Rajan.
245 _aModern computer architecture.
250 _a1
260 _aNew Delhi
_bGalgotia Publications Ltd
_c1992
300 _axii,410
650 _aComputer Architecture/Organization
999 _c182175
_d182175